| 000 | 00000nam##2200000za#4500 |
| 001 | 9.644182 |
| 003 | CaOODSP |
| 005 | 20250611103612 |
| 007 | cr ||||||||||| |
| 008 | 150407|2003||||xxc|||||o f|0| 0 fre|d |
| 040 | |aCaOODSP|bfre |
| 043 | |an-cn--- |
| 086 | 1 |aA22-300/2003F-PDF |
| 110 | 1 |aCanada. |bAgriculture et agroalimentaire Canada. |
| 245 | 13|aLe Canada en tête - Un cadre pour la politique agricole au XXIe siècle / |h[ressource électronique]|cComité permanent de l'agriculture et de l'agroalimentaire. |
| 260 | |aOttawa - Ontario : |bAgriculture et Agroalimentaire Canada |c2003. |
| 300 | |a36p. |
| 500 | |aY compris 12 dépliants. N.B.: Le numéro de catalogue (A22-242/2002) mprimés dans cette publication sont incorrect. |
| 500 | |aPublication historique numérisée par Agriculture et Agroalimentaire Canada. Titre de la couv. «Une initiative fédérale-provinciale-territoriale.»--Couv. |
| 590 | |a15-02-Supp|b2015-02-16 |
| 776 | 0#|tLe Canada en tête - Un cadre pour la politique agricole au XXIe siècle |w(CaOODSP)9.681877 |
| 856 | 40|ahttp://publications.gc.ca|qPDF|s2235 Ko|uhttps://publications.gc.ca/collections/collection_2015/aac-aafc/A22-300-2003-fra.pdf |
| 986 | |aPublication 2165/F |